00585cam a22002291 4500001001300000003000400013005001700017008004100034010001700075035002000092040001800112042001200130050001500142100003700157245002000194260001100214300002200225546001600247504003100263650004400294999001700338sa 65003076 DLC20260227112121.0920218s1963 bg b 000 0 beno  asa 65003076  a(OCoLC)25294642 aDLCcWaUdDLC apremarc00aPN939b.S51 aSiddikī, Āśrāpha,d1927-10aLoka-sāhitya. c[1963] a5, 417 p.c22 cm. aIn Bengali. aBibliography: p. [395-399] 0aFolk literaturexHistory and criticism. c62971d62971